| 000 | 00727nam a2200205 u 4500 | ||
|---|---|---|---|
| 001 | 000023238 | ||
| 005 | 20200930022059.0 | ||
| 008 | 101130s1947 sp ac 001 0 spa d | ||
| 040 |
_aDO-SdBNP _bspa _cBNPHU |
||
| 082 |
_aXXX _bP852d |
||
| 100 | 1 |
_aPortillo, Alvaro del _947857 |
|
| 245 | 1 | 0 |
_aDescubrimientos y exploraciones en las costas de california / _cAlvaro del Portillo y Diez de Sollano. |
| 260 |
_aMadrid : _bEscuela de Estudios Hispano-Americanos de Sevilla, _c1947. |
||
| 300 |
_a540 p. : _bil. ; _c22 cm. |
||
| 490 | 1 |
_aMonografías _v7 |
|
| 504 | _aIncluye referencias bibliográficas y notas al pie de las páginas. | ||
| 700 | 1 |
_aSollano, Diez de _947858 |
|
| 830 | 0 |
_aMonografías ; _v7 _915334 |
|
| 049 | _aBNGR | ||
| 999 |
_c22735 _d22735 |
||